Marketingové prostredie vybraného podniku bakalárska práca

Uložené v:
Podrobná bibliografia
Hlavný autor: Bubánová, Mária
Korporativný autor: Obchodná fakulta EU. Katedra marketingu
Ďalší autori: Francová, Zuzana, 1971-
Médium: Kniha
Jazyk:Slovak
Vydavateľské údaje: Bratislava 2016
Tagy: Pridať tag
Žiadne tagy, Buďte prvý, kto otaguje tento záznam!

MARC

LEADER 00000nbm a2200000 4500
001 0218861
005 20170120152735.5
041 0 |a slo 
044 |a SK 
245 1 0 |a Marketingové prostredie vybraného podniku  |b bakalárska práca  |c Mária Bubánová ; školiteľ: Zuzana Francová 
264 1 |a Bratislava  |c 2016 
300 |a 58 s. 
100 1 |a Bubánová, Mária 
700 1 |a Francová, Zuzana, 1971- 
710 2 |a Obchodná fakulta EU. Katedra marketingu